000 00382cam a2200157ua 4500
041 _aeng
_h
082 _a624.1517
_bPER/QU
100 _aPerry, C A .
245 _aQuantity surveying /
_cC A Perry.
_hTextual Documents
250 _a1 /
_b.
260 _aLondon :
_bEnglish Universities Press ,
_c1957.
300 _a171 ; .
504 _a
942 _cBK
999 _c5261
_d5261